000 00584nam a2200229Ia 4500
003 OSt
005 20220918194109.0
006 a|||||r|||| 00| 0
007 ta
008 220917b |||||||| |||| 00| 0 eng d
024 _a77,706
037 _cTextual
040 _aARTS
_cARTS
_beng
041 _2eng
_aeng
082 _aSb4, L2-;1
100 _aThoules Robert H
_983489
245 0 _aFrom anecdote to experiment in psychical research
260 _c1972
650 _aPSYCHOLOGY
942 _hSb4, L2-;1
_cTEXL
_2CC
999 _c201609
_d201609